| 000 | 02062 a2200253 4500 | ||
|---|---|---|---|
| 001 | 4404 | ||
| 005 | 20260407155434.0 | ||
| 008 | 260407a2006 arg spa d | ||
| 003 | AR-UNSa-BCEJYS | ||
| 040 |
_aAR-UNSa-BCEJYS _bspa _cAR-UNSa-BCEJYS |
||
| 080 |
_a657.6 _xAuditoria (control interno) |
||
| 245 | 1 | 0 | _aAuditoría |
| 020 | _a978-987-03-0878-2 | ||
| 264 | 1 |
_aBuenos Aires : _bLa Ley _c2006 |
|
| 300 |
_axxxviii, 742 p. _c27 cm. |
||
| 505 | _a1. Conceptos básicos de auditoría - 2. Ética, independencia y responsabilidad del auditor - 3. Hacia una auditoría eficiente y eficaz - 4. Proceso de auditoría - 5. Etapa de Planificación - 6. Evidencia y Procedimiento de auditoría - 7. Riesgo de auditoría - 8. Evaluación de los controles - 9. Documentación del Proceso de auditoría - 10. Tareas de una primera auditoría - 11. Caja y bancos Ejercicios - 12. Inversiones Transitorias Ejercicios - 13. Ventas y cuentas a cobrar Ejercicios - 14. Otros créditos - 15. Compras y cuentas a pagar - 15. Compras y Cuentas a pagar Ejercicios - 16. Bienes de Cambio y costos Ejercicios - 17. Invesiones en otras sociedades Ejercicios - 18. Bienes de Uso /Activos fijos y sus depreciaciones Ejercicios - 19. Bienes Intangibles - 20. Deudas Bancarias y Financieras Ejercicios - 21. Costos y pasivos laborales Ejercicios - 22. Aspectos impositivos y deudas fiscales - 23. Contingencias Ejercicios - 24. Patrimonio neto Ejercicios - 25. Estados resultados - 26. Estado de Flujo de Ejercicio - 27. Conclusión de exámen Ejercicios - 28. Informe del Auditor Ejercicios - 29. Otros trabajo de audioría - 30. Auditoría en la pequeña y mediana empresa - 31. Lavado de activos en origen delictivo - 32. la ley sarbanes oxley | ||
| 041 | _aspa | ||
| 942 | _cBK | ||
| 590 | _aniveau_biblio:m niveau_hierar:0 | ||
| 100 | 1 | _aGordicz, Juan Carlos | |
| 700 | 1 | _aSlosse, Carlos Alberto | |
| 700 | 1 | _aGamondés, Santiago F. | |
| 856 | 4 | 1 |
_uhttps://biblioeco.unsa.edu.ar/pmb/images/libros/Auditor?a Slosse, Carlos Alberto (2006).jpg _yImagen de portada _qimage/jpeg |
| 999 |
_c419 _d419 |
||